| 000 | 00648nam a2200205Ia 4500 | ||
|---|---|---|---|
| 001 | 11327 | ||
| 003 | GE_BSU | ||
| 008 | 181216s||||||||xx |||||||||||||| ||und|| | ||
| 040 | _cGE_BSU | ||
| 080 | _a582.526.42 | ||
| 100 | _aჩხუბიანიშვილი ი.ი. | ||
| 245 | _aმერქნის სარკვევი | ||
| 245 | _cპ.გ. ქს. ცხაკაია | ||
| 260 | _aთბილისი | ||
| 260 | _bსაქ–ს სას–სამ. ინ–ტის გამ–ბა | ||
| 260 | _c1951 | ||
| 300 | _a147გვ.23სმ. | ||
| 653 | _aმერქნის სარკვევი | ||
| 942 | _cBK | ||
| 999 |
_c44524 _d44524 |
||